| 000 | 00519nam a22001937a 4500 | ||
|---|---|---|---|
| 003 | OSt | ||
| 005 | 20140310181717.0 | ||
| 008 | 130124t xxu||||| |||| 00| 0 eng d | ||
| 020 | _a9780324363425 | ||
| 050 |
_aHF 1359 _b.C177 2008 |
||
| 100 | _aCarbaugh, Robert J. | ||
| 245 |
_aInternational economics / _cRobert J. Carbaugh. |
||
| 260 |
_aCincinnati, Ohio : _bSouth-Western College, _c1995. |
||
| 300 |
_a496 p. : _c23.5 cm. |
||
| 521 | _aBSBA | ||
| 650 | _aEconomics | ||
| 942 |
_2lcc _cBK _kFOR |
||
| 999 |
_c1817 _d1817 |
||